<?xml version="1.0" encoding="UTF-8"?>
<record
    xmlns:xsi="http://www.w3.org/2001/XMLSchema-instance"
    xsi:schemaLocation="http://www.loc.gov/MARC21/slim http://www.loc.gov/standards/marcxml/schema/MARC21slim.xsd"
    xmlns="http://www.loc.gov/MARC21/slim">

  <leader>02433nam a22004097a 4500</leader>
  <controlfield tag="001">000333</controlfield>
  <controlfield tag="003">DO-SdBNP</controlfield>
  <controlfield tag="005">20231204103303.0</controlfield>
  <controlfield tag="007">000333</controlfield>
  <controlfield tag="008">160628b2009 sp | 00| 0 spa d</controlfield>
  <datafield tag="020" ind1=" " ind2=" ">
    <subfield code="a">9789505115136</subfield>
  </datafield>
  <datafield tag="040" ind1=" " ind2=" ">
    <subfield code="a">BPMSU</subfield>
    <subfield code="b">spa</subfield>
    <subfield code="c">BPMSU</subfield>
  </datafield>
  <datafield tag="082" ind1=" " ind2="4">
    <subfield code="a">808.83</subfield>
    <subfield code="b">C965m 2007</subfield>
    <subfield code="2">22</subfield>
  </datafield>
  <datafield tag="245" ind1="0" ind2="0">
    <subfield code="a">Cuentos memorables seg&#xFA;n Jorge Luis Borges 1 / </subfield>
    <subfield code="c"> May Sinclair ... [y otros.]</subfield>
  </datafield>
  <datafield tag="260" ind1=" " ind2=" ">
    <subfield code="a">Madrid :</subfield>
    <subfield code="b">Alfaguara, </subfield>
    <subfield code="c">2007</subfield>
  </datafield>
  <datafield tag="300" ind1=" " ind2=" ">
    <subfield code="a">380 p. :</subfield>
    <subfield code="b">il. ; </subfield>
    <subfield code="c">25 cm.</subfield>
  </datafield>
  <datafield tag="500" ind1=" " ind2=" ">
    <subfield code="a">Incluye datos biogr&#xE1;ficos de los autores.</subfield>
  </datafield>
  <datafield tag="500" ind1=" " ind2=" ">
    <subfield code="a">Incluye datos biogr&#xE1;ficos de Jorge Luis Borges en la solapa de la cubierta </subfield>
  </datafield>
  <datafield tag="504" ind1=" " ind2=" ">
    <subfield code="a">Bibliograf&#xED;a : p. 379-380</subfield>
  </datafield>
  <datafield tag="505" ind1=" " ind2=" ">
    <subfield code="t">Donde su fuego nunca se apaga /</subfield>
    <subfield code="r">May Sinclair.</subfield>
    <subfield code="t">Escarabajo de oro /</subfield>
    <subfield code="r">Edgar Allan Poe.</subfield>
    <subfield code="t">Expulsados de poker-flat /</subfield>
    <subfield code="r">Bret Frencis Harte</subfield>
    <subfield code="t">Coraz&#xF3;n de las tinieblas /</subfield>
    <subfield code="r">Conrad, Joseph</subfield>
    <subfield code="t">El jardinero /</subfield>
    <subfield code="r">Rudyard Kipling.</subfield>
    <subfield code="t">El cuento m&#xE1;s hermoso del mundo /</subfield>
    <subfield code="r">Rudyard Kipling.</subfield>
    <subfield code="t">Bola de sebo / </subfield>
    <subfield code="r">Guy de Maupassant.</subfield>
    <subfield code="t">La pata de mono / </subfield>
    <subfield code="r">William Wymark Jacobs.</subfield>
    <subfield code="t">El dios de los gongs / </subfield>
    <subfield code="r">Gilbert Keith Chesterton.</subfield>
    <subfield code="t">Historia de abdula, el mendigo ciego / Las mil y una noches / </subfield>
    <subfield code="t">Los regalos perfectos /</subfield>
    <subfield code="r">O'Henry.</subfield>
    <subfield code="t">De lo que aconteci&#xF3; a un de&#xE1;n de Santiago con dol Ill&#xE1;n, el gran mago que viv&#xED;a en Toledo /</subfield>
    <subfield code="r">Infante don Juan Manuel.</subfield>
    <subfield code="t">.</subfield>
    <subfield code="r"> </subfield>
  </datafield>
  <datafield tag="590" ind1=" " ind2=" ">
    <subfield code="a">Inventariado, 2023/VM</subfield>
  </datafield>
  <datafield tag="650" ind1=" " ind2="4">
    <subfield code="a">Cuentos</subfield>
    <subfield code="v">Colecciones  </subfield>
  </datafield>
  <datafield tag="700" ind1="1" ind2=" ">
    <subfield code="a">Sinclair, May,</subfield>
    <subfield code="d">1862</subfield>
    <subfield code="t">Donde su fuego nunca se apaga. </subfield>
  </datafield>
  <datafield tag="700" ind1="1" ind2=" ">
    <subfield code="a">Poe, Edgar Allan,   </subfield>
    <subfield code="d">1809-1849.</subfield>
    <subfield code="t">Escarabajo de oro. </subfield>
  </datafield>
  <datafield tag="700" ind1="1" ind2=" ">
    <subfield code="a">Harte, Bret,  </subfield>
    <subfield code="d">1839-1902.</subfield>
    <subfield code="t">Expulsados de poker-flat. </subfield>
  </datafield>
  <datafield tag="700" ind1="1" ind2=" ">
    <subfield code="a">Conrad, Joseph,   </subfield>
    <subfield code="d">1857-1924. </subfield>
    <subfield code="t">Coraz&#xF3;n de las tinieblas. </subfield>
  </datafield>
  <datafield tag="700" ind1="1" ind2=" ">
    <subfield code="a">Kipling, Rudyard,   </subfield>
    <subfield code="d">1865-1936. </subfield>
    <subfield code="t">tJardinero. </subfield>
  </datafield>
  <datafield tag="700" ind1="1" ind2=" ">
    <subfield code="a">Kipling, Rudyard,  </subfield>
    <subfield code="d">1865-1936.</subfield>
    <subfield code="t">Cuento m&#xE1;s hermoso del mundo. </subfield>
  </datafield>
  <datafield tag="700" ind1="1" ind2=" ">
    <subfield code="a">Guy de Maupassant, Ren&#xE9; Albert, </subfield>
    <subfield code="d">1850-1893.  </subfield>
    <subfield code="t">Bola de sebo. </subfield>
  </datafield>
  <datafield tag="700" ind1="1" ind2=" ">
    <subfield code="a">Jacobs, William Wymark,   </subfield>
    <subfield code="d">1863-1943.</subfield>
    <subfield code="t">Pata de mono. </subfield>
  </datafield>
  <datafield tag="700" ind1="1" ind2=" ">
    <subfield code="a">Chesterton, Gilbert Keith,   </subfield>
    <subfield code="d">1874-1936. </subfield>
    <subfield code="t">Dios de los gongs. </subfield>
  </datafield>
  <datafield tag="700" ind1="1" ind2=" ">
    <subfield code="a">O'Henry, </subfield>
    <subfield code="d">1862-1910. </subfield>
    <subfield code="t">Regalos perfectos. </subfield>
  </datafield>
  <datafield tag="700" ind1="1" ind2=" ">
    <subfield code="a">Juan Manuel, </subfield>
    <subfield code="c">Infante de Castilla,  </subfield>
    <subfield code="d">1282-1347</subfield>
    <subfield code="t">De lo que aconteci&#xF3; a un de&#xE1;n de Santiago con don Ill&#xE1;n, el gran mago que viv&#xED;a en Toledo. </subfield>
  </datafield>
  <datafield tag="740" ind1="4" ind2="2">
    <subfield code="5">Las mil y una noches : historia de Abdula, el mendigo ciego. </subfield>
  </datafield>
  <datafield tag="910" ind1=" " ind2=" ">
    <subfield code="a">LOPEREZ/ VMateo V. Control de calidad. BPMSU </subfield>
  </datafield>
  <datafield tag="942" ind1=" " ind2=" ">
    <subfield code="2">ddc</subfield>
    <subfield code="c">BK</subfield>
  </datafield>
  <datafield tag="952" ind1=" " ind2=" ">
    <subfield code="0">0</subfield>
    <subfield code="1">0</subfield>
    <subfield code="2">ddc</subfield>
    <subfield code="4">0</subfield>
    <subfield code="7">0</subfield>
    <subfield code="8">CG</subfield>
    <subfield code="a">BPMET</subfield>
    <subfield code="b">BPMET</subfield>
    <subfield code="d">2016-06-28</subfield>
    <subfield code="e">Alfaguara</subfield>
    <subfield code="l">0</subfield>
    <subfield code="o">BPMSU CG 808.83 C965m 2007</subfield>
    <subfield code="p">BPMSU16060677</subfield>
    <subfield code="r">2016-06-28</subfield>
    <subfield code="w">2016-06-28</subfield>
    <subfield code="y">BK</subfield>
  </datafield>
  <datafield tag="952" ind1=" " ind2=" ">
    <subfield code="0">0</subfield>
    <subfield code="1">0</subfield>
    <subfield code="2">ddc</subfield>
    <subfield code="4">0</subfield>
    <subfield code="7">0</subfield>
    <subfield code="8">CG</subfield>
    <subfield code="a">BPMET</subfield>
    <subfield code="b">BPMET</subfield>
    <subfield code="d">2016-06-28</subfield>
    <subfield code="e">Alfaguara</subfield>
    <subfield code="l">0</subfield>
    <subfield code="o">BPMSU CG 808.83 C965m 2007</subfield>
    <subfield code="p">BPMSU16060678</subfield>
    <subfield code="r">2016-06-28</subfield>
    <subfield code="t">e.2</subfield>
    <subfield code="w">2016-06-28</subfield>
    <subfield code="y">BK</subfield>
  </datafield>
  <datafield tag="999" ind1=" " ind2=" ">
    <subfield code="c">10623</subfield>
    <subfield code="d">10623</subfield>
  </datafield>
</record>
